Socio-ekonomické prínosy titulu Európske mesto športu z pohľadu teoretických východísk
Zhodnotenie potenciálnych socio-ekonomických prínosov získania titulu Európske mesto športu na rozvoj miest. Funkcie, význam a prínos športu a prínos titulu Európske mesto športu. Vplyv titulu EMŠ na podporu miestneho rozvoja. Typológia faktorov lokálneho ekonomického rozvoja. Rozvojové faktory špor...
Guardado en:
| Autor principal: | |
|---|---|
| Otros Autores: | |
| Formato: | Capítulo de libro |
| Lenguaje: | eslovaco |
| Materias: | |
| Etiquetas: |
Sin Etiquetas, Sea el primero en etiquetar este registro!
|
MARC
| LEADER | 00000naa a2200000 4500 | ||
|---|---|---|---|
| 001 | 0260549 | ||
| 005 | 20191218144738.8 | ||
| 041 | 0 | |a slo | |
| 044 | |a SK | ||
| 245 | 1 | 0 | |a Socio-ekonomické prínosy titulu Európske mesto športu z pohľadu teoretických východísk |c Katarína Šulajová, Janka Šúrová |
| 520 | |a Zhodnotenie potenciálnych socio-ekonomických prínosov získania titulu Európske mesto športu na rozvoj miest. Funkcie, význam a prínos športu a prínos titulu Európske mesto športu. Vplyv titulu EMŠ na podporu miestneho rozvoja. Typológia faktorov lokálneho ekonomického rozvoja. Rozvojové faktory športu a titulu EMŠ. | ||
| 610 | 2 | 0 | |a rozvoj regionálny |
| 610 | 2 | 0 | |a šport |
| 610 | 2 | 0 | |a mestá |
| 610 | 2 | 0 | |a záujmy verejné |
| 610 | 2 | 0 | |a telovýchova |
| 610 | 2 | 0 | |a rozvoj sociálno-ekonomický |
| 100 | 1 | |a Šulajová, Katarína | |
| 700 | 1 | |a Šúrová, Janka | |